Intelligent Business: Worldbook (Record no. 5793)

MARC details
005 - DATE AND TIME OF LATEST TRANSACTION
control field 20250628051503.0
020 ## - INTERNATIONAL STANDARD BOOK NUMBER
International Standard Book Number 0-582-84699-4
082 ## - DEWEY DECIMAL CLASSIFICATION NUMBER
Classification number 006 PIL
100 ## - MAIN ENTRY--PERSONAL NAME
Author name PILE, L
245 ## - TITLE STATEMENT
Title Intelligent Business: Worldbook
260 ## - PUBLICATION, DISTRIBUTION, ETC.
Place of publication, distribution, etc. London
Name of publisher, distributor, etc. PEARSON
Date of publication, distribution, etc. 2006.
300 ## - PHYSICAL DESCRIPTION
Extent 96P.: ill.; figures, pictures
Dimensions 28cm
942 ## - ADDED ENTRY ELEMENTS (KOHA)
Source of classification or shelving scheme Dewey Decimal Classification
Koha item type Books
Holdings
Date last seen Total checkouts Full call number Barcode Price effective from Koha item type Lost status Source of classification or shelving scheme Damaged status Not for loan Withdrawn status Home library Current library Shelving location Date acquired Source of acquisition Cost, replacement price Cost, normal purchase price
06/28/2025   006 PIL MZA0002610 06/28/2025 Books   Dewey Decimal Classification       CBE Mwanza CBE Mwanza General Collection 06/13/2017 Library Budget    
07/10/2025   006 PIL MZA0002098 07/10/2025 Books   Dewey Decimal Classification       CBE Mwanza CBE Mwanza General Collection 07/15/2009 Donation From TLSB 90000.00 30000.00